| 000 | 00828nam a22001937a 4500 | ||
|---|---|---|---|
| 003 | OSt | ||
| 005 | 20251124132915.0 | ||
| 008 | 251124b |||||||| |||| 00| 0 eng d | ||
| 040 | _cDCL | ||
| 082 | _a၂၉၄.၃၈၂၂၄ | ||
| 130 |
_aတိပိဋက။ _pဝိနယပိဋက။ _tစူဠဝဂ္ဂ၊ _lအဋ္ဌကထာ။ |
||
| 245 | _aစူဠဝဂ္ဂါဒိအဋ္ဌကထာ။ | ||
| 250 | _aဒုတိယအကြိမ်။ | ||
| 264 |
_aရန်ကုန် ၊ _bသာသနာရေးဦးစီး၊ _c၁၉၉၁။ |
||
| 300 |
_a၂၉၄ စာမျက်နှာ ၊ _c၂၆ စင်တီ။ |
||
| 650 |
_aစူဠဝါ _vအဋ္ဌကထာ။ |
||
| 650 |
_aစူဠဝဂ္ဂ _vအဋ္ဌကထာ။ |
||
| 942 |
_2ddc _cSHORT TERM _n0 |
||
| 999 |
_c2597 _d2597 |
||